History Quiz

Random History or Famous Quiz

Famous Person by Fake Schedule Quiz Stats

 Plays Quiz Updated Jan 27, 2016

Score 0/18 Timer 06:00
10 Plays Today
% Correct
Vladimir Putin
98.1%
Thomas Edison
94.4%
Marie Antoinette
91.7%
Abraham Lincoln
91.6%
Richard Nixon
88.7%
Martha Stewart
88.7%
Jo Rowling
87.6%
Harland Sanders
87.1%
Harrison Ford
86.2%
% Correct
Albert Einstein
85.4%
Mohandas Gandhi
85.3%
Johann Sebastian Bach
85.2%
Sting
83.9%
Catherine II
82.9%
Nero
79.9%
Martin Luther
76.7%
Margaret Thatcher
76.6%
Amelia Earhart
76.3%

You're not logged in!

Compare scores with friends on all Sporcle quizzes.
OR
Log In

You Might Also Like...

Show Comments

Extras

Top Quizzes Today


Score Distribution

Your Account Isn't Verified!

In order to create a playlist on Sporcle, you need to verify the email address you used during registration. Go to your Sporcle Settings to finish the process.

Report this User

Report this user for behavior that violates our Community Guidelines.

Details: